Bridge to terabithia / (Record no. 4553)

MARC details
000 -LEADER
fixed length control field 00941nam a22002657a 4500
001 - CONTROL NUMBER
control field 4553
003 - CONTROL NUMBER IDENTIFIER
control field FISKH
005 - DATE AND TIME OF LATEST TRANSACTION
control field 20240916141911.0
008 - FIXED-LENGTH DATA ELEMENTS--GENERAL INFORMATION
fixed length control field 240916b cb ||||| |||| 00| 0 eng d
020 ## - INTERNATIONAL STANDARD BOOK NUMBER
International Standard Book Number 9780590132008
040 ## - CATALOGING SOURCE
Original cataloging agency FISKH
Language of cataloging eng
Transcribing agency FISKH
Modifying agency FISKH
050 ## - LIBRARY OF CONGRESS CALL NUMBER
Classification number PZ7.P273
082 ## - DEWEY DECIMAL CLASSIFICATION NUMBER
Edition number 813.54
100 ## - MAIN ENTRY--PERSONAL NAME
Personal name Paterson, Katherine
Dates associated with a name 1932-
245 ## - TITLE STATEMENT
Title Bridge to terabithia /
Statement of responsibility, etc. Katherine Paterson illustrated by Donna Diamond
250 ## - EDITION STATEMENT
Edition statement Published in 1977
260 ## - PUBLICATION, DISTRIBUTION, ETC.
Place of publication, distribution, etc. New York :
Name of publisher, distributor, etc. Scholastic,
Date of publication, distribution, etc. 1977.
300 ## - PHYSICAL DESCRIPTION
Extent 129 pages :
Dimensions 20cm
520 ## - SUMMARY, ETC.
Summary, etc. The life of a ten-year-old boy in rural Virginia expands when he becomes friends with a newcomer who subsequently meets an untimely death trying to reach their hideaway, Terabithia, during a storm.
650 ## - SUBJECT ADDED ENTRY--TOPICAL TERM
Source of heading or term Young adult
Topical term or geographic name entry element Friendship
Form subdivision Newbery Medal
650 ## - SUBJECT ADDED ENTRY--TOPICAL TERM
Source of heading or term Coming of age
Topical term or geographic name entry element Imagination
700 ## - ADDED ENTRY--PERSONAL NAME
Personal name Diamond, Donna
Dates associated with a name Illustrator
942 ## - ADDED ENTRY ELEMENTS (KOHA)
Source of classification or shelving scheme Dewey Decimal Classification
Koha item type Books
Suppress in OPAC No
Holdings
Withdrawn status Lost status Source of classification or shelving scheme Damaged status Not for loan Collection Home library Current library Shelving location Date acquired Total Checkouts Full call number Barcode Date last seen Date last checked out Copy number Price effective from Koha item type
    Dewey Decimal Classification     Fiction Footprints International School Library Network Toul Kork Campus Footprints International School Library Network Toul Kork Campus TTP Secondary Fiction Bookshelves 09/16/2024 1 PAT 813.54 PZ7.P273 2024-1967 12/16/2025 08/20/2025 1 09/16/2024 Books